| 000 | 01031cam a2200253 4500 | ||
|---|---|---|---|
| 005 | 20160413141334.0 | ||
| 008 | 160413b sp ||||| |||| 00| 0 spa d | ||
| 020 | _a849537921X | ||
| 050 | 0 | 4 |
_aDD180 .5 _bK64 2001 |
| 100 | 1 | _aKohler, Alfred | |
| 245 | 1 | 0 |
_aCarlos V 1500-1558 : _b una biografía / _cAlfred Kohler ; tr. de Cristina García Ohlrich ; rev. cientifica de Bernardo J. García García. |
| 250 | _a2a ed. | ||
| 260 |
_aMadrid : _bMarcial Pons, _c2001 |
||
| 300 |
_axiii, 448 p. : _bil. ; _c22 cm. |
||
| 500 | _aNota : Título original: Karl V. 1500-1558. Eine Biographie. | ||
| 504 | _aBibliografía: p. 399-423 | ||
| 504 | _aIncluye índice | ||
| 600 | 1 | 7 |
_2LEMB _aCarlos V, _cImperio Romano Germánico, _d1500-1558 _xBiografía |
| 650 | 7 |
_2LEMB _aSacro imperio romano germánico _xReyes y gobernantes _xBiografía |
|
| 651 | 7 |
_2LEMB _aSacro imperio romano germánico _xHistoria _yCarlos V, 1519-1556 |
|
| 700 | 1 |
_aGarcía Ohlrich, Cristina, _etr. |
|
| 700 | 1 |
_aGarcía García, Bernardo J., _etr. |
|
| 942 |
_2lcc _cLIB |
||
| 999 |
_c61802 _d61802 |
||